Automatizované pracovisko pre výkon skúšky odolnosti voči nízkofrekvenčnému spojitému rušeniu

Guardado en:
Detalles Bibliográficos
Autor principal: Šefčík, Ivan (Autor)
Otros Autores: Hallon, Jozef (Orientador)
Formato: Manuscrito Libro
Lenguaje:eslovaco
Publicado: 2017
Materias:
Acceso en línea:http://is.stuba.sk/zp/portal_zp.pl?podrobnosti=107262
Etiquetas: Agregar Etiqueta
Sin Etiquetas, Sea el primero en etiquetar este registro!

MARC

LEADER 00000ntm a22000003a 4500
001 stuzp61191
003 SK-STU
005 20170728094519.5
007 ta
008 150427s2015----xo-----f-mn---000-0-slo-d
040 |a STU  |b slo 
041 0 |a slo 
044 |a xo 
100 1 |a Šefčík, Ivan  |u 034000  |4 aut  |U FEI Fakulta elektrotechniky a informatiky  |T FEI Ústav elektrotechniky  |X 53686  |U E040  |Y 550  |7 53686 
242 0 1 |a An automated workstation for performance of endurance test against low-frequency continuous interference  |y eng 
245 1 0 |a Automatizované pracovisko pre výkon skúšky odolnosti voči nízkofrekvenčnému spojitému rušeniu 
260 |c 2017 
300 |a 33 s., príl.,  |b CD-ROM 
650 4 |a LabVIEW  |2 slo 
650 4 |a GPIB zbernica  |2 slo 
650 4 |a USB zbernica  |2 slo 
650 4 |a automatizácia  |2 slo 
650 4 |a elektromagnetická kompatibilita  |2 slo 
650 4 |a skúška elektromagnetickej odolnosti  |2 slo 
650 4 |a LabVIEW  |2 eng 
650 4 |a GPIB  |2 eng 
650 4 |a USB  |2 eng 
650 4 |a automatization  |2 eng 
650 4 |a electromagnetic compatibility  |2 eng 
650 4 |a electromagnetic endurance test  |2 eng 
700 1 |a Hallon, Jozef  |u 034000  |k Z2  |4 ths  |U FEI Fakulta elektrotechniky a informatiky  |T FEI Ústav elektrotechniky  |X 2068  |U E040  |Y 550  |7 A000002068 
856 4 |u http://is.stuba.sk/zp/portal_zp.pl?podrobnosti=107262 
996 |b 284ER02505  |c E*Bc- 2505  |l EE35  |s P  |a 0  |w stuzp61191_0001